Regionen Andorras - Statistiken

Allgemein
  • Dieses Quiz wurde 111 mal gespielt
  • Das Durchschnittsergebnis liegt bei 2 aus 7
Antworten auf der Karte
Die Antworten werden auf der Karte rot bzw. grün angezeigt, abhängig davon wie oft sie richtig erraten wurden.
 
Antwortstatistiken
Antwort % Korrekt
Andorra la Vella
96%
Ordino
35%
Encamp
33%
La Massana
24%
Escaldes-Engordany
13%
Cancillo
4%
Sant Julià de Lèria
2%
Keine übereinstimmenden Quizze gefunden
Verteilung der Resultate
Anzahl Personen mit jedem Resultat
Perzentil nach korrekt beantworteten Fragen
Ihre Resultats-Entwicklung
Sie haben dieses Quiz noch nicht gespielt